| 000 | 00555cam a2200193ua 4500 | ||
|---|---|---|---|
| 020 |
_a81-7000-194-3 _c425.00 |
||
| 041 |
_aeng _h |
||
| 082 |
_a020 _bDEV/PR |
||
| 100 | _aDevarajan, G . | ||
| 245 | 0 | 0 |
_aProgress in information technology / _cG.Devarajan. _hTextual Documents |
| 260 |
_aNew Delhi : _bEss Ess Publications , _c1996. |
||
| 300 | _a250 ; . | ||
| 365 | _a425.00 | ||
| 440 | 0 |
_aCITS Information Technology series, _v _x; |
|
| 490 | 0 |
_aCITS Information Technology series, _v _x; |
|
| 504 | _a | ||
| 942 | _cBK | ||
| 999 |
_c9086 _d9086 |
||